000 00433nam a2200157 i 4500
001 65118
003 ES-MaACL
005 20230906165313.0
007 t|
008 040108s1966 sp ||||1| spa d
100 1 _aFraile Delgado, Luis.
_952109
245 1 0 _aCristo y Latinoamérica, 1966 /
_cLuis Fraile Delgado.
260 _aSalamanca :
_bSígueme,
_c1966.
300 _a234 p. ;
_c19 cm.
852 _aES-MaACL
_jC-30029
_bR.60523
999 _c65118
_d65118